| 000 | 00507cam a2200181ua 4500 | ||
|---|---|---|---|
| 041 |
_aeng _h |
||
| 082 |
_a941 _bGRE/SH |
||
| 100 | _aGreen, John Richard . | ||
| 245 |
_aShort history of the English people, Vol 2 / _cJohn Richard Green. _hTextual Documents |
||
| 250 |
_aRev. / _b. |
||
| 260 |
_aLondon : _bJ M Dent and Sons Ltd , _c1952. |
||
| 300 | _a899 ; . | ||
| 440 | 0 |
_aEveryman`s Library, _v728 _x; |
|
| 490 | 0 |
_aEveryman`s Library, _v728 _x; |
|
| 504 | _a | ||
| 942 | _cBK | ||
| 999 |
_c6157 _d6157 |
||